Normal view
MARC view
- Trastornos alimenticios
Entry Materia
001 - NÚMERO DE CONTROL DEL REGISTRO
- campo de control: 13566
003 - IDENTIFICADOR DE NUMERO DE CONTROL
- campo de control: UPN
005 - FECHA Y HORA DE LA ÚLTIMA TRANSACCIÓN
- campo de control: 20230303151422.0
008 - DATOS DE LONGITUD FIJA
- campo de control de longitud fija: 230303n||acnnnbabn | ana |d
035 ## - NÚMERO DE CONTROL DEL SISTEMA
- Número de control del sistema: UPN10000013574
040 ## - FUENTE DE LA CATALOGACIÓN
- Centro catalogador de origen: UPN
- Lengua de catalogación: spa
- Agencia de transcripción: UPN
046 ## - FECHAS CON CODIFICACIÓN ESPECIAL
- Fecha final para contenidos agregados: 2023
150 ## - ENCABEZAMIENTO - TEMÁTICO
- Término de materia o nombre geográfico como elemento inicial: Trastornos alimenticios
670 ## - FUENTE EN LA QUE SE LOCALIZARON DATOS
- Cita de la fuente: LC
- Información localizada: Eating disorders
680 ## - NOTA GENERAL CON DESPLIEGUE PÚBLICO
- Texto explicativo: Aquí se asientan las obras que tratan sobre las perturbaciones graves en la conducta alimentaria como un trastorno de tipo mental. Las obras que tratan sobre los trastornos del apetito, síntomas de trastornos orgánicos, psicológicos o psicosociales se asentarán bajo
- Encabezamiento: TRASTORNOS DEL APETITO
902 ## - CATALOGADOR
- Catalogador: BDV/131009
